Cm̤o leer mejor

Bibliographic Details
Main Author: Aristizb̀al, Alberto
Format: eBook
Language:Spanish
Published: Bogot:̀ ECOE, 2009
Edition:Sp̌tima Edicin̤
Subjects:
Online Access:Acceso restringido

MARC

LEADER 00000nam a22000007a 4500
005 20220412225441.0
007 cr|||| ||||
008 220412s2000 co |||||s|||| 00||0 spa d
020 |a 9789586488792 
035 |a 35833 
040 |a vLex 
090 |c 13177  |d 13177 
100 1 |a Aristizb̀al, Alberto 
245 1 0 |a Cm̤o leer mejor  |h [Recurso electrn̤ico] /  |c Alberto Aristizb̀al 
250 |a Sp̌tima Edicin̤ 
256 |a Servicio en ln̕ea 
260 |a Bogot:̀  |b ECOE,  |c 2009 
300 |a 1 recurso electrn̤ico 
506 1 |a Disponible solo en los productos indicados  |d vLex Global  |d vLex Global (Academic Edition, excluding Law Schools)  |d vLex Global (U.S. Academic Edition, Law Schools)  |d vLex Global (U.S. Academic Edition, excluding Law Schools)  |d vLex Global (Academic Edition, Law Schools) 
650 0 4 |a Educacin̤  |z Colombia 
740 0 |a vLex Libros (Servicio en ln̕ea) 
856 4 0 |u https://app.vlex.com/#/sources/35833  |z Acceso restringido 
942 |c BOOK 
999 0 |a Education